Statistics for Most Populous Former Colonies

Click here to take the quiz!

General Stats

  • This quiz has been taken 133 times
  • The average score is 8 of 11

Answer Stats

Mother countryFormer colonyPopulation (2019)% Correct
PortugalBrazil210 mil
97%
United KingdomIndia1,352 mil
95%
SpainMexico128 mil
92%
BelgiumD.R. Congo100 mil
91%
NetherlandsIndonesia268 mil
87%
United StatesPhilippines109 mil
87%
JapanSouth Korea51 mil
73%
FranceVietnam96 mil
63%
GermanyTanzania56 mil
58%
DenmarkIceland0.3 mil
53%
ItalySomalia15 mil
50%

Score Distribution

Percentile by Number Answered

Percent of People with Each Score

Your Score History

You have not taken this quiz